Mitglieder der Europäischen Union nach Flaggen - Sudden Death - Statistiken

Allgemein
  • Dieses Quiz wurde 1.750 mal gespielt
  • Das Durchschnittsergebnis liegt bei 13 aus 27
Answers on the Grid
Answers color-coded by a green-red scale on the quiz's grid according to % correct below.
 
Antwortstatistiken
Antwort % Korrekt
Belgium
82%
Germany
81%
Austria
79%
France
69%
Denmark
67%
Greece
65%
Czech Republic
64%
Croatia
63%
Italy
59%
Finland
58%
Estonia
51%
Ireland
49%
Hungary
45%
Luxembourg
44%
Bulgaria
42%
Netherlands
40%
Spain
40%
Portugal
37%
Cyprus
35%
Latvia
34%
Sweden
32%
Poland
29%
Slovakia
27%
Lithuania
27%
Slovenia
26%
Malta
25%
Romania
21%
Keine übereinstimmenden Quizze gefunden
Verteilung der Resultate
Anzahl Personen mit jedem Resultat
Perzentil nach korrekt beantworteten Fragen
Ihre Resultats-Entwicklung
Sie haben dieses Quiz noch nicht gespielt